Statistics for naruto ultimate quiz

Click here to take the quiz!

General Stats

  • This quiz has been taken 857 times
  • The average score is 11 of 15

Answer Stats

HintAnswer% Correct
his older brotheritachi uchiha
91%
the sole survivor of the uchiha clansasuke uchiha
91%
the founder of the hidden leaf villagehashirama senju
90%
the most feared and strongest shinobi who hails from the uchiha clanmadara uchiha
90%
the copycat ninjakakashi hatake
86%
the 3rd hokagehiruzen sarutobi
82%
who supposedly died when a boulder crushed his bodyobito uchiha
82%
the 4th hokageminato namikaze
81%
the criminal organisation which holds 9 specialist shinobi of their timeakatsuki
80%
the raikages brotherkiller bee
78%
how many puppets can pain manipulate at any given time6
72%
the most powerful genjutsu user of the uchiha clanshisui uchiha
71%
the beholder of the rinnegannagato uzumaki
62%
the frog sage of mount myabokoujiraiya
50%
the raikage of the hidden cloud village uses what type of impermeable armorthunder
9%

Score Distribution

Percentile by Number Answered

Percent of People with Each Score

Your Score History

You have not taken this quiz